Mestis joukkueet - Statistics

Yleistilastot
  • Tätä visaa on pelattu 39 kertaa
  • Keskiarvotulos 9 / 10
Vastaustilastot
Hint Vastaus % Oikein
Vantaa Kiekko-Vantaa
97%
Helsinki Jokerit
94%
Turku TUTO Hockey
94%
Iisalmi IPK
91%
Kokkola Hermes
88%
Imatra Ketterä
88%
Keuruu KeuPa HT
88%
Joensuu Kiekko-Pojat
88%
Rovaniemi RoKi
88%
Kainuu Hokki
73%
Ehtoja vastaavia visoja ei löytynyt
Tulosjakauma
Jokaisen tuloksen saaneiden osuus
Persentiili vastausten määrän mukaan
Tuloshistoriasi
Et ole pelannut tätä visaa